Obálka Náhled e-knihy:
Epub
Pro půjčování e-knih musíte být přihlášeni.
Jak si půjčit online?

Písně kosmické /

Sbírku tvoří 38 básní, v nichž je opěvováno lidské poznání, které se stále rozšiřuje a objevuje dosud nepoznané skutečnosti přírody. V kontradikci malého elementu člověka a velkého, rozlehlého vesmíru se jedná o oslavu lidského ducha a jeho činů nového objevování.

Uloženo v:
Hlavní autor: Neruda, Jan (Autor)
Médium: E-kniha
Jazyk:Czech
Vydáno: Praha : Artis, 2025
Tagy:
Žádné tagy
LEADER 01169nam a22002297i 4500
001 312806
007 ta
008 260601s2025 xr ||||| |||| 00| 0 cze d
020 |a 9990004222878 
044 |a xr 
100 1 |a  Neruda, Jan  |4 aut 
245 1 0 |a Písně kosmické /  |c  Neruda, Jan 
264 1 |a Praha :  |b Artis,  |c 2025 
300 |a 1 online zdroj (85 stran) 
336 |a text  |b txt  |2 rdacontent 
337 |a bez média  |b n  |2 rdamedia 
338 |a online zdroj  |b cr  |2 rdacarrier 
520 2 |a Sbírku tvoří 38 básní, v nichž je opěvováno lidské poznání, které se stále rozšiřuje a objevuje dosud nepoznané skutečnosti přírody. V kontradikci malého elementu člověka a velkého, rozlehlého vesmíru se jedná o oslavu lidského ducha a jeho činů nového objevování. 
910 |a RBIT002 
998 |d 422287  |a https://core.palmknihy.cz/api/books/422287/cover?t293t6  |b https://core.palmknihy.cz/api/books/422287/cover/400?t293t6  |c https://core.palmknihy.cz/api/books/422287/cover/50?t293t6  |e   |g 85  |i 9990004222878  |j https://core.palmknihy.cz/api/books/422287/preview.epub  |l   |q 49  |r 1  |s https://www.palmknihy.cz/kniha/422287  |t ebook  |y 2025  |z 1 
999 |d 312804